[Event "Roncana op-B 13th"]
[Site "Santa Eulalia de Roncana"]
[Date "2019.11.09"]
[Round "6"]
[White "Marugan Sanchez Gallegos, Daniel"]
[Black "Garcia Encinas, Jan"]
[Result "0-1"]
[WhiteElo "1468"]
[BlackElo "1449"]
[PlyCount "80"]
[EventDate "2019.09.28"]
[EventType "swiss"]
[EventRounds "8"]
[EventCountry "ESP"]
[SourceTitle "CBM 193 Extra"]
[Source "ChessBase"]
[SourceDate "2020.01.31"]
[SourceVersion "1"]
[SourceVersionDate "2020.01.31"]
[SourceQuality "1"]

1. Nf3 d5 2. d4 Nf6 3. Bg5 Nbd7 4. e3 g6 5. Nbd2 Bg7 6. Bd3 0-0 7. 0-0 c5 8. c4 cxd4 9. Nxd4 e5 10. Nc2 e4 11. Be2 dxc4 12. Nxe4 Qc7 13. Bxf6 Nxf6 14. Nxf6+ Bxf6 15. Nd4 Rd8 16. Bg4 Bxd4 17. exd4 Qf4 18. Bxc8 Raxc8 19. d5 Qe5 20. Qa4 a6 21. Rfe1 Qxd5 22. Rad1 Qg5 23. Qb4 b5 24. g3 Qg4 25. Rxd8+ Rxd8 26. Qe7 Qd7 27. Qf6 a5 28. Re7 Qd1+ 29. Kg2 Qd5+ 30. Kg1 Rf8 31. Qb6 b4 32. Qe3 Qc6 33. Re5 a4 34. Rc5 Qa6 35. Qe7 a3 36. bxa3 b3 37. axb3 cxb3 38. Qe5 Qxa3 39. Rc3 Qa1+ 40. Kg2 b2 0-1

[Event "Roncana op-B 13th"]
[Site "Santa Eulalia de Roncana"]
[Date "2019.10.05"]
[Round "2"]
[White "Garcia Torres, Adolfo"]
[Black "Garcia Encinas, Jan"]
[Result "1-0"]
[WhiteElo "1517"]
[BlackElo "1449"]
[PlyCount "115"]
[EventDate "2019.09.28"]
[EventType "swiss"]
[EventRounds "8"]
[EventCountry "ESP"]
[SourceTitle "CBM 193 Extra"]
[Source "ChessBase"]
[SourceDate "2020.01.31"]
[SourceVersion "1"]
[SourceVersionDate "2020.01.31"]
[SourceQuality "1"]

1. e4 c5 2. Nf3 d6 3. Bc4 e6 4. d3 Nf6 5. 0-0 Be7 6. Bg5 d5 7. exd5 exd5 8. Bb3 0-0 9. Re1 Be6 10. Nbd2 Qc7 11. Bh4 Rd8 12. c3 c4 13. Bc2 Nc6 14. d4 Ng4 15. Bxe7 Qxe7 16. h3 Nf6 17. Ng5 g6 18. Ndf3 Qd7 19. Ba4 Re8 20. Ne5 Qc7 21. Bxc6 bxc6 22. Qa4 c5 23. Qc6 Qxc6 24. Nxc6 cxd4 25. Nxd4 Bd7 26. Kf1 Rab8 27. b4 cxb3 28. axb3 Rxe1+ 29. Kxe1 Rc8 30. Ne2 Rc7 31. c4 dxc4 32. bxc4 h6 33. Nf3 Ne4 34. Ned4 Bc8 35. Kf1 a6 36. Ne5 g5 37. Rd1 f6 38. Nec6 Nd6 39. c5 Ne4 40. Rc1 Bb7 41. Na5 Rxc5 42. Rxc5 Nxc5 43. f3 Kf7 44. Nf5 h5 45. Nd6+ Ke6 46. Ndxb7 Nxb7 47. Nxb7 Kd5 48. Ke2 Kd4 49. Kd2 f5 50. Na5 g4 51. hxg4 fxg4 52. fxg4 hxg4 53. Ke2 Ke4 54. g3 Kd4 55. Nb3+ Kc4 56. Na5+ Kd4 57. Nc6+ Ke4 58. Kf2 1-0

[Event "Llinars del Valles op-B 13th"]
[Site "Llinars del Valles"]
[Date "2019.05.18"]
[Round "5"]
[White "Giro Castellet, Esteve"]
[Black "Garcia Encinas, Jan"]
[Result "1-0"]
[WhiteElo "1590"]
[BlackElo "1410"]
[PlyCount "45"]
[EventDate "2019.03.30"]
[EventType "swiss"]
[EventRounds "8"]
[EventCountry "ESP"]
[SourceTitle "EXT 2020"]
[Source "ChessBase"]
[SourceDate "2019.10.17"]
[SourceVersion "1"]
[SourceVersionDate "2019.10.17"]
[SourceQuality "1"]

1. d4 d5 2. c4 e6 3. a3 Nf6 4. Nc3 Be7 5. Nf3 0-0 6. Bf4 Nbd7 7. Nb5 a6 8. Bxc7 Qe8 9. Nd6 Bxd6 10. Bxd6 dxc4 11. Bxf8 Nxf8 12. e3 Qb5 13. Qc2 Bd7 14. Bxc4 Rc8 15. Bxb5 Rxc2 16. Bxd7 N8xd7 17. b4 Nb6 18. 0-0 h6 19. Rfc1 Rxc1+ 20. Rxc1 Nfd5 21. e4 Nf6 22. Nd2 Kf8 23. Rc7 1-0

[Event "Llinars del Valles op-B 13th"]
[Site "Llinars del Valles"]
[Date "2019.04.27"]
[Round "3"]
[White "Maria Medina, Joan Josep"]
[Black "Garcia Encinas, Jan"]
[Result "1-0"]
[WhiteElo "1610"]
[BlackElo "1410"]
[PlyCount "61"]
[EventDate "2019.03.30"]
[EventType "swiss"]
[EventRounds "8"]
[EventCountry "ESP"]
[SourceTitle "EXT 2020"]
[Source "ChessBase"]
[SourceDate "2019.10.17"]
[SourceVersion "1"]
[SourceVersionDate "2019.10.17"]
[SourceQuality "1"]

1. e4 c5 2. Nf3 a6 3. d4 cxd4 4. Nxd4 Nf6 5. Nc3 e5 6. Nb3 Bb4 7. Bd3 d5 8. exd5 Qxd5 9. 0-0 Bxc3 10. bxc3 0-0 11. c4 Qc6 12. c3 e4 13. Be2 Be6 14. Nd4 Qc8 15. Qa4 Bd7 16. Qa3 Nc6 17. c5 Rd8 18. Bg5 Nxd4 19. cxd4 Qc6 20. Rab1 Bf5 21. Rb6 Qd5 22. Bxf6 gxf6 23. Rxf6 Bg6 24. Rd1 Qg5 25. Rb6 Rab8 26. Qb4 Bh5 27. Bxh5 Qxh5 28. Qd2 Kg7 29. Rdb1 Rbc8 30. Qf4 Rxd4 31. Qf6+ 1-0

[Event "Llinars del Valles op-B 12th"]
[Site "Llinars del Valles"]
[Date "2018.05.26"]
[Round "6.31"]
[White "Municio Soto, Aaron"]
[Black "Garcia Encinas, Jan"]
[Result "0-1"]
[WhiteElo "1226"]
[BlackElo "1469"]
[PlyCount "48"]
[EventDate "2018.04.14"]
[EventType "swiss"]
[EventRounds "8"]
[EventCountry "ESP"]
[SourceTitle "CBM 184 Extra"]
[Source "ChessBase"]
[SourceDate "2018.06.28"]
[SourceVersion "1"]
[SourceVersionDate "2018.06.28"]
[SourceQuality "1"]

1. d4 Nf6 2. Bf4 g6 3. e3 Bg7 4. Nc3 d5 5. Nf3 0-0 6. Qd2 a6 7. 0-0-0 Nbd7 8. Be2 b5 9. Ne5 Nb6 10. h4 Nc4 11. Nxc4 bxc4 12. e4 c6 13. Na4 Nxe4 14. Qe1 Nf6 15. Qb4 Bd7 16. Bf3 Bg4 17. Qc5 Bxf3 18. gxf3 Rc8 19. Nb6 Nd7 20. Nxd7 Qxd7 21. Rde1 Rfe8 22. Rh2 Qf5 23. Bg3 Qxf3 24. Rxe7 Bh6+ 0-1

[Event "Roncana op-B 10th"]
[Site "Santa Eulalia de Roncana"]
[Date "2016.10.15"]
[Round "4"]
[White "Garcia Encinas, Jan"]
[Black "Molina Barbancho, Serafin"]
[Result "1-0"]
[WhiteElo "1222"]
[BlackElo "1635"]
[PlyCount "87"]
[EventDate "2016.09.24"]
[EventType "swiss"]
[EventRounds "8"]
[EventCountry "ESP"]
[SourceTitle "EXT 2018"]
[Source "ChessBase"]
[SourceDate "2017.10.13"]
[SourceVersion "1"]
[SourceVersionDate "2017.10.13"]
[SourceQuality "1"]

1. d4 d5 2. c4 dxc4 3. Nc3 Bd7 4. e4 e6 5. Bxc4 Bb4 6. Nge2 Bxc3+ 7. Nxc3 h6 8. 0-0 Qh4 9. Qf3 Nf6 10. Bf4 Qg4 11. Qxg4 Nxg4 12. Bxc7 Nc6 13. Rad1 Rc8 14. Nb5 0-0 15. Bg3 a6 16. Nd6 Na5 17. Nxc8 Rxc8 18. Bd3 g6 19. h3 Nf6 20. Rc1 Nc6 21. Be5 Ne8 22. Rc2 Nxe5 23. dxe5 Rxc2 24. Bxc2 Bc6 25. Bd3 Ng7 26. Rc1 Nh5 27. Bxa6 Bxe4 28. Bf1 b6 29. g3 Ng7 30. Bg2 Bxg2 31. Kxg2 Nf5 32. Rc7 b5 33. Kf3 Nd4+ 34. Ke3 Nf5+ 35. Kd3 Kf8 36. Rc5 b4 37. Rc4 b3 38. axb3 Ne7 39. b4 Ke8 40. b5 Kd8 41. b6 Nc8 42. b7 Nb6 43. b8Q+ Ke7 44. Rc7+ 1-0

[Event "Roncana op-C 9th"]
[Site "Santa Eulalia de Roncana"]
[Date "2015.11.07"]
[Round "5"]
[White "Company Fernandez, David"]
[Black "Garcia Encinas, Jan"]
[Result "1/2-1/2"]
[WhiteElo "1793"]
[BlackElo "1757"]
[PlyCount "85"]
[EventDate "2015.10.03"]
[EventType "swiss"]
[EventRounds "8"]
[EventCountry "ESP"]
[SourceTitle "EXT 2017"]
[Source "ChessBase"]
[SourceDate "2016.10.25"]
[SourceVersion "1"]
[SourceVersionDate "2016.10.25"]
[SourceQuality "1"]

1. e4 e5 2. Nf3 Nc6 3. Bc4 Nf6 4. d3 d5 5. exd5 Nxd5 6. Bxd5 Qxd5 7. Nc3 Bb4 8. Bd2 Bxc3 9. Bxc3 0-0 10. 0-0 Bg4 11. Re1 Rfe8 12. Qe2 Bxf3 13. Qxf3 Qd6 14. Qg3 b5 15. Bd2 Nd4 16. Rac1 Nf5 17. Qf3 Nh4 18. Qg3 Nf5 19. Qf3 Nd4 20. Qg3 Re6 21. f3 Qd5 22. b3 Rg6 23. Qf2 Nxf3+ 24. Kf1 Nxh2+ 25. Kg1 Nf3+ 26. Kf1 Nxd2+ 27. Qxd2 Qd4 28. Qe3 Qd5 29. Qe4 Rf6+ 30. Kg1 Qc5+ 31. Qe3 Qd6 32. Qxe5 Qd7 33. Qe4 Rd8 34. Qe3 Re6 35. Qd2 Qd4+ 36. Qf2 Qd6 37. Rxe6 Qxe6 38. Qxa7 Re8 39. Qf2 Qh6 40. Re1 Rxe1+ 41. Qxe1 Qb6+ 42. Kh1 Qh6+ 43. Kg1 1/2-1/2